Scarlett Johansson - Statistics

General Stats
  • This quiz has been taken 37 times
  • The average score is 24 of 45
Answer Stats
Picture Answer % Correct
Avengers:Endgame (2019)
100%
The Avengers (2012)
97%
Sing (2016)
94%
Sing 2 (2021)
88%
Black Widow (2021)
85%
Avengers: Infinity War (2018)
82%
Captain America:Civil War (2016)
82%
Lucy (2014)
82%
Iron Man 2 (2010)
76%
Jojo Rabbit (2019)
76%
Avengers: Age of Ultron (2015)
74%
We bought a Zoo (2011)
68%
Rough Night (2017)
65%
The Jungle Book (2016)
65%
Captain America: The Winter Soldier (2014)
62%
Ghost in the Shell (2017)
62%
Marriage Story (2019)
62%
The Prestige (2006)
56%
Don Jon (2013)
53%
Her (2013)
53%
Lost in Translation (2003)
53%
Matchpoint (2005)
50%
The Island (2005)
50%
The other Boleyn Girl (2008)
50%
Chef (2014)
47%
The Nanny Diaries (2007)
47%
The SpongeBob SquarePants Movie (2004)
47%
Under the Skin (2013)
47%
Hitchcock (2016)
44%
Home Alone 3 (1997)
44%
The Horse Whisperer (1998)
44%
Ghost World (2001)
38%
He's just not that into you (2009)
38%
Scoop (2006)
38%
The Perfect Score (2004)
38%
Girl with a Pearl Earring (2003)
35%
The Spirit (2008)
35%
Vicky Cristina Barcelona (2008)
35%
Hail, Caesar! (2016)
32%
A Good Woman (2004)
29%
In Good Company (2004)
29%
A Love Song for Bobby Long (2004)
26%
The Black Dahlia (2006)
24%
Eight Legged Freaks (2002)
21%
Just Cause (1997)
18%
No matching quizzes found
Score Distribution
Percent of People with Each Score
Percentile by Number Answered
Your Score History
You have not taken this quiz